[Event "St Petersburg Korchnoi Memorial op"]
[Site "St Petersburg"]
[Date "2023.08.23"]
[Round "8"]
[White "Kiriukhin, Aleksandr"]
[Black "Shindarev, Egor"]
[Result "1-0"]
[WhiteElo "1273"]
[BlackElo "1211"]
[PlyCount "37"]
[EventDate "2023.08.18"]
[EventType "swiss"]
[EventRounds "9"]
[EventCountry "RUS"]
[SourceTitle "EXT 2024"]
[Source "ChessBase"]
[SourceDate "2023.10.10"]
[SourceVersion "1"]
[SourceVersionDate "2023.10.10"]
[SourceQuality "1"]

1. e4 e5 2. Nf3 Nc6 3. Bb5 Nf6 4. 0-0 Nxe4 5. Re1 Nd6 6. a4 Be7 7. Nc3 0-0 8. d4 Nxd4 9. Nxd4 exd4 10. Nd5 Bf6 11. Bd3 g6 12. Bf4 b6 13. Bxd6 cxd6 14. Qf3 Bg5 15. Ne7+ Bxe7 16. Qxa8 Bf6 17. Qxa7 Be5 18. b4 Re8 19. a5 1-0

[Event "St Petersburg Korchnoi Memorial op"]
[Site "St Petersburg"]
[Date "2023.08.22"]
[Round "7"]
[White "Slutsker, Evgeny"]
[Black "Kiriukhin, Aleksandr"]
[Result "1-0"]
[WhiteElo "1000"]
[BlackElo "1273"]
[PlyCount "50"]
[EventDate "2023.08.18"]
[EventType "swiss"]
[EventRounds "9"]
[EventCountry "RUS"]
[SourceTitle "EXT 2024"]
[Source "ChessBase"]
[SourceDate "2023.10.10"]
[SourceVersion "1"]
[SourceVersionDate "2023.10.10"]
[SourceQuality "1"]

1. d4 d5 2. Nf3 Nf6 3. Bg5 Ne4 4. Bh4 g6 5. e3 Bg7 6. Be2 0-0 7. 0-0 Bf5 8. Nbd2 c5 9. c3 Qd7 10. Nxe4 dxe4 11. Ne1 h5 12. f3 cxd4 13. cxd4 e5 14. d5 exf3 15. Nxf3 Re8 16. Qb3 e4 17. Ng5 a6 18. a4 Be5 19. Rfd1 Bd6 20. Bf1 f6 21. Ne6 Kh7 22. Be1 Bxe6 23. dxe6 Rxe6 24. Bc4 Re7 25. Bb4 Re5 1-0